Zgadnij czyja to piosenka (Polski rap) 3 - Statystyki

Ogólne statystyki
  • Ten quiz został rozwiązany 966 razy
  • Średni wynik to 7 z 15
Statystyki odpowiedzi
Zagadnienie Odpowiedź % Poprawnych
kwit chillwagon
76%
Cola Planbe
68%
Klubowa suka Tymek
64%
Deldin Bedoes
56%
Jakiechan Borixon
52%
AHA Otsochodzi
48%
BORuto Szpaku
48%
Manekin Quebonafide
44%
Wiraże Szopeen
44%
Giń za mnie Young Igi
36%
Mandarynki Kamil Pivot
32%
Kanarek Reto
32%
Djengi Borixon
24%
Custom Szopeen
24%
Gomorra Planbe
12%
Nie znaleziono quizów pasujących do podanych kryteriów
Rozkład punktacji
Procent ludzi z każdym wynikiem
Percentyl według liczby udzielonych odpowiedzi
Twoja historia wyników
Nie rozwiązałeś tego quizu